15 Największych miast Niemiec z mapą - Statystyki

Ogólne statystyki
  • Ten quiz został rozwiązany 86 razy
    82 od ostatniego zresetowania
  • Średni wynik to 12 z 15
Odpowiedzi na mapie
Odpowiedzi zakodowano w zielono-czerwonej skali na mapie do tego quizu, zgodnie z poniższymi procentami.
 
Statystyki odpowiedzi
Land Miasto Populacja % Poprawnych
- Berlin 3,7 mln
100%
Bawaria Monachium 1,5 mln
98%
Nadrenia Północna- Westfalia Dortmund 600k
91%
- Hamburg 1,8 mln
91%
- Brema 590k
89%
Nadrenia Północna- Westfalia Kolonia 1 mln
89%
Saksonia Lipsk 610k
89%
Saksonia Drezno 560k
82%
Hesja Frankfurt 750k
80%
Badenia-Wirtembergia Stuttgart 610k
73%
Bawaria Norymberga 530k
70%
Nadrenia Północna- Westfalia Essen 570k
61%
Dolna Saksonia Hanower 520k
61%
Nadrenia Północna- Westfalia Dusseldorf 620k
59%
Nadrenia Północna- Westfalia Duisburg 500k
34%
Nie znaleziono quizów pasujących do podanych kryteriów
Rozkład punktacji
Procent ludzi z każdym wynikiem
Percentyl według liczby udzielonych odpowiedzi
Twoja historia wyników
Nie rozwiązałeś tego quizu od ostatniego zresetowania